Охрана и мониторинг поверхностных вод суши (Запись № 122026)

Подробности
000 -МАРКЕР
контрольное поле 02958nam0a2200385 4500
001 - ИДЕНТИФИКАТОР ЗАПИСИ
контрольное поле RU\NLR\bibl\1526597
005 - ИДЕНТИФИКАТОР ВЕРСИИ
контрольное поле 20260406012248.0
010 ## - МЕЖДУНАРОДНЫЙ СТАНДАРТНЫЙ НОМЕР КНИГИ (ISBN)
Номер (ISBN) 5-86813-140-1
Тираж 350
021 ## - НОМЕР ГОСУДАРСТВЕННОЙ РЕГИСТРАЦИИ
Код страны Российская Федерация
Номер 2010-37640
Номер Листа государственной регистраци 2524
035 ## - ДРУГИЕ СИСТЕМНЫЕ НОМЕРА
Идентификатор записи (nilc)RSL-KNO-004648672
035 ## - ДРУГИЕ СИСТЕМНЫЕ НОМЕРА
Идентификатор записи (NLR Aleph) 001517942
100 ## - ДАННЫЕ ОБЩЕЙ ОБРАБОТКИ
Данные общей обработки 20100519d2009 |||y0rusy50 ca
101 0# - ЯЗЫК РЕСУРСА
Язык текста, звукозаписи и т.д. русский
Язык резюме английский
Язык оглавления английский
102 ## - СТРАНА ПУБЛИКАЦИИ ИЛИ ПРОИЗВОДСТВА
Страна публикации Российская Федерация
105 ## - ПОЛЕ КОДИРОВАННЫХ ДАННЫХ: ТЕКСТОВЫЕ МАТЕРИАЛЫ, МОНОГРАФИЧЕСКИЕ
Кодированные данные о монографическом текстовом документе a zzzz|||||
200 1# - ЗАГЛАВИЕ И СВЕДЕНИЯ ОБ ОТВЕТСТВЕННОСТИ
Основное заглавие Охрана и мониторинг поверхностных вод суши
Сведения, относящиеся к заглавию учебник для студентов высших учебных заведений, обучающихся по специальности "Гидрология", направление подготовки дипломированных специалистов "Гидрометеорология"
Первые сведения об ответственности А. М. Владимиров, В. Г. Орлов
Последующие сведения об ответственности М-во образования и науки Российской Федерации, Федеральное агентство по образованию, Гос. образовательное учреждение высш. проф. образования Российский гос. гидрометеорологический ун-т
210 ## - ПУБЛИКАЦИЯ, РАСПРОСТРАНЕНИЕ И ДР.
Место издания, распространения и т.д. Санкт-Петербург
Имя издателя, распространителя и т. д. РГГМУ
Дата издания, распространения и т.д. 2009
215 ## - ФИЗИЧЕСКАЯ ХАРАКТЕРИСТИКА
Специфическое обозначение материала и объем 219 с.
Другие сведения о физической характеристике ил., табл.
Размеры 20
320 ## - ПРИМЕЧАНИЯ О НАЛИЧИИ В ДОКУМЕНТЕ БИБЛИОГРАФИИ / УКАЗАТЕЛЯ
Текст примечания Библиогр.: с. 214-215 (39 назв.)
606 1# - НАИМЕНОВАНИЕ ТЕМЫ КАК ПРЕДМЕТ
Наименование темы Поверхностные воды
Формальный подзаголовок Учебники для высших учебных заведений
Тематический подзаголовок Мониторинг
Системный номер авторитетной/нормативной записи 2205124
Идентификатор авторитетной/нормативной записи RU\NLR\auth\661324893
606 1# - НАИМЕНОВАНИЕ ТЕМЫ КАК ПРЕДМЕТ
Наименование темы Поверхностные воды
Формальный подзаголовок Учебники для высших учебных заведений
Тематический подзаголовок Охрана
Системный номер авторитетной/нормативной записи 1886243
Идентификатор авторитетной/нормативной записи RU\NLR\auth\66857552
610 0# - НЕКОНТРОЛИРУЕМЫЕ ПРЕДМЕТНЫЕ ТЕРМИНЫ
Предметный термин Науки о Земле (геодезические, геофизические, геологические и географические науки) -- Геофизические науки -- Гидрология суши -- Использование и охрана вод суши -- Учебник для высшей школы
610 0# - НЕКОНТРОЛИРУЕМЫЕ ПРЕДМЕТНЫЕ ТЕРМИНЫ
Предметный термин Биологические науки -- Гидробиология -- Экологические факторы водной среды -- Методика и техника научно-исследовательской работы -- Учебник для высшей школы
686 ## - ИНДЕКСЫ ДРУГИХ КЛАССИФИКАЦИЙ
Индекс Д222,8я73-1
Код системы
686 ## - ИНДЕКСЫ ДРУГИХ КЛАССИФИКАЦИЙ
Индекс Е082.1с.я73-1
Код системы
686 ## - ИНДЕКСЫ ДРУГИХ КЛАССИФИКАЦИЙ
Индекс Д222в610
686 ## - ИНДЕКСЫ ДРУГИХ КЛАССИФИКАЦИЙ
Индекс Д222.8
700 #1 - ИМЯ ЛИЦА - ПЕРВИЧНАЯ ОТВЕТСТВЕННОСТЬ
Код отношения Автор
Графика поля Кириллица
Материалы, к которым относится поле rus
Начальный элемент ввода Владимиров
Часть имени, кроме начального элемента ввода А. М.
Дополнения к именам, кроме дат д-р геогр. наук
Расширение инициалов личного имени Анатолий Михайлович
Системный номер авторитетной/нормативной записи 100689
Идентификатор авторитетной/нормативной записи RU\NLR\auth\77117764
701 #1 - ИМЯ ЛИЦА - АЛЬТЕРНАТИВНАЯ ОТВЕТСТВЕННОСТЬ
Код отношения Автор
Графика поля Кириллица
Материалы, к которым относится поле rus
Начальный элемент ввода Орлов
Часть имени, кроме начального элемента ввода В. Г.
Дополнения к именам, кроме дат канд. геогр. наук
Расширение инициалов личного имени Вадим Георгиевич
Системный номер авторитетной/нормативной записи 70814
Идентификатор авторитетной/нормативной записи RU\NLR\auth\7787886
801 #0 - ИСТОЧНИК ЗАПИСИ
Страна Российская Федерация
Организация РГБ
Дата составления 20100519
Правила каталогизации RCR
801 #1 - ИСТОЧНИК ЗАПИСИ
Страна Российская Федерация
Организация РГБ
Дата составления 20100519
801 #2 - ИСТОЧНИК ЗАПИСИ
Страна Российская Федерация
Организация NLR
Дата составления 20100622
Правила каталогизации rcr
942 ## - ДОПОЛНИТЕЛЬНЫЕ ЭЛЕМЕНТЫ ЗАПИСИ (АБИС)
Тип экземпляра АБИС Книга
980 ## - КОЛЛЕКЦИЯ
Название коллекции Национальная библиография
Экземпляры
Тип экземпляра Дата поступления Источник поступления Библиотека постоянного хранения Библиотека текущего хранения Место хранения Шифр хранения Штрих-код Статус экземпляра
Книга 22.06.2010 Обязательный экземпляр РНБ (Московский) РНБ (Московский) Русский книжный фонд: издания с 1957 года 2010-3/21488 1-91594  
Книга 22.06.2010 Обязательный экземпляр РНБ (Московский) РНБ (Московский) Русский книжный фонд: издания с 1957 года 2010-3/21488 3200713